| 000 | 01358cam a22002891i 4500 | ||
|---|---|---|---|
| 003 | SA-RiAUC | ||
| 005 | 20250114083934.0 | ||
| 008 | 250106s1986 ti g 00000 ara c | ||
| 040 |
_aSA-RiKSU _bara _cSA-RiAUC _erda |
||
| 082 | 0 | 4 |
_a615.53 _qSA-RiAUC |
| 090 |
_a615.53 _bا ب ن ج |
||
| 100 | 1 |
_aابن الجزار، أحمد بن إبراهيم بن أبي خالد، _dحوالي 285-369 هجري _eمؤلف. |
|
| 245 | 1 | 0 |
_aزاد المسافر وقوت الحاضر / _cابن الجزار ؛ تحقيق محمد سويسي، الراضي الجازي. |
| 264 | 1 |
_aتونس : _bالدار العربية للكتاب، _c1986 |
|
| 300 |
_a292 صفحة ؛ _c24 سم. |
||
| 336 |
_aنص _btxt _2rdacontent _3كتاب |
||
| 337 |
_aبدون وسيط _bn _2rdamedia |
||
| 338 |
_aمجلد _bnc _2rdacarrier |
||
| 490 | 0 |
_aسلسلة إحياء التراث العلمي ؛ _v2 |
|
| 650 | 7 |
_aالنباتات الطبية _2aucsh |
|
| 650 | 7 |
_aالطب الشعبي _2aucsh |
|
| 700 | 1 | 2 |
_iتحقيق لـ (عمل) : _aبن الجزار، أحمد بن إبراهيم بن أبي خالد، _dحوالي 285-369 هجري. _tزاد المسافر وقوت الحاضر |
| 700 | 1 |
_aسويسي، محمد، _d1915-2007 _eمحقق. |
|
| 700 | 1 |
_aالجازي، الراضي _eمحقق. |
|
| 942 |
_2ddc _cBOOK _n0 |
||
| 949 |
_aSA-JeALM _d250106 _umohamedma123 _n1 |
||
| 999 |
_c4760 _d4760 |
||